Statistics for Double P Vocabulary Words

Click here to take the quiz!

General Stats

  • This quiz has been taken 22,738 times
    (15,465 since last reset)
  • The average score is 11 of 20

Answer Stats

Definition Word % Correct
Blue gemSapphire
88%
Flower used to make opiumPoppy
85%
1960's counterculture memberHippie
77%
British word for diaperNappy
73%
Young, urban professionalYuppie
72%
To ask a higher court to overturn
a lower court's decision
Appeal
68%
WrestleGrapple
61%
Unconventional young woman of the 1920'sFlapper
60%
Informal name for a ship captainSkipper
55%
Visible manifestation of a ghostApparition
50%
A huge lie, or just something huge in generalWhopper
45%
What they call clothing at a department storeApparel
45%
Vestigial organAppendix
45%
The vast Eurasian grasslandsSteppe
44%
German dirigibleZeppelin
43%
Smoked herringKipper
42%
Italian grape-based liquorGrappa
39%
Pliant; flexibleSupple
36%
Small breed of dog used for racingWhippet
35%
Military engineerSapper
19%

Score Distribution

Percentile by Number Answered

Percent of People with Each Score

Your Score History

You have not taken this quiz since the last reset